Najgęściej zaludnione państwa według lat (1950-2100) - Statystyki

Ogólne statystyki
  • Ten quiz został rozwiązany 47 razy
  • Średni wynik to 6 z 15
Statystyki odpowiedzi
Pays % Poprawnych
Monako
80%
Watykan
73%
Singapur
61%
Bangladesz
52%
Holandia
52%
Malta
52%
Belgia
48%
Bahrajn
39%
Malediwy
30%
Tajwan
30%
Burundi
23%
Rwanda
23%
Barbados
14%
Mauritius
14%
Komory
9%
Nie znaleziono quizów pasujących do podanych kryteriów
Rozkład punktacji
Procent ludzi z każdym wynikiem
Percentyl według liczby udzielonych odpowiedzi
Twoja historia wyników
Nie rozwiązałeś tego quizu